AFL Ladder 2021 - Statistics

General Stats
  • This quiz has been taken 267 times
  • The average score is 9 of 18
Answer Stats
Position Team % Correct
1st Melbourne Demons
98%
2nd Western Bulldogs
58%
4th Geelong Cats
57%
18th North Melbourne Kangaroos
54%
3rd Port Adelaide Power
52%
8th Essendon Bombers
50%
6th GWS Giants
50%
5th Brisbane Lions
48%
7th Sydney Swans
48%
17th Collingwood Magpies
43%
16th Gold Coast Suns
39%
12th Richmond Tigers
39%
9th West Coast Eagles
39%
15th Adelaide Crows
37%
14th Hawthorn Hawks
37%
10th StKilda Saints
36%
11th Fremantle Dockers
35%
13th Carlton Blues
33%
No matching quizzes found
Score Distribution
Percent of People with Each Score
Percentile by Number Answered
Your Score History
You have not taken this quiz